000 00312nam a22001337a 4500
008 170405b xxu||||| |||| 00| 0 eng d
020 _a9780781743754
041 _aeng
080 _a616.15
100 _a9
101 _aSHM
245 _aHEMATOLOGY AND ONCOLOGY SUVSPECIALTY CONSULT
_cPILLOT,G
942 _2udc
_cBK
999 _c9899
_d9899